[Event "Goch op 18th"]
[Site "Goch"]
[Date "2007.10.05"]
[Round "2"]
[White "Ratzmann, Stefan"]
[Black "Melcher, Anja"]
[Result "1-0"]
[WhiteElo "1835"]
[BlackElo "1518"]
[PlyCount "49"]
[EventDate "2007.10.04"]
[EventType "swiss"]
[EventRounds "7"]
[EventCountry "GER"]
[SourceTitle "EXT 2011"]
[Source "ChessBase"]
[SourceDate "2010.11.26"]
[SourceVersion "1"]
[SourceVersionDate "2010.11.26"]
[SourceQuality "1"]

1. d4 Nf6 2. Nf3 e6 3. e3 b6 4. Bd3 Bb7 5. 0-0 c5 6. Nbd2 cxd4 7. exd4 Be7 8. c3 d6 9. Re1 Qc8 10. a4 Nbd7 11. Qe2 h6 12. Nc4 Nf8 13. Bf4 Qc7 14. Ncd2 Nh5 15. Be3 f5 16. Bb5+ Bc6 17. d5 Bd7 18. dxe6 Bxb5 19. Qxb5+ Kd8 20. Qxf5 Nf6 21. Bd4 Kc8 22. Bxf6 gxf6 23. Ne4 Kb7 24. Qd5+ Kb8 25. Nd4 1-0